[Event "RUS-ch Youth U21 Girls 2017"]
[Site "Loo"]
[Date "2017.04.23"]
[Round "4"]
[White "Khokhlova, Daria"]
[Black "Shuvalova, Polina"]
[Result "1/2-1/2"]
[WhiteElo "2175"]
[BlackElo "2376"]
[Annotator "TA"]
[PlyCount "86"]
[EventDate "2017.??.??"]
[EventType "tourn"]
[EventCountry "RUS"]
[SourceTitle "playchess.com"]
[Source "ChessBase"]
[SourceQuality "1"]

{[%evp 17,86,-5,0,-12,-16,-35,-24,-15,-16,-24,-3,-17,-2,-23,-26,-37,-16,-35,0,-14,5,5,5,5,7,10,15,0,0,0,-23,-24,-32,-21,-17,-24,-26,-49,11,10,8,0,0,0,0,-22,-21,-18,0,-18,-15,-16,0,-19,34,-16,0,-14,-5,-10,0,-16,-13,-17,-8,-16,0,0,0,0,0]} 1. d4 Nf6 2. c4 e6 3. g3 d5 4. Nf3 Bb4+ 5. Bd2 Be7 6. Bg2 c6 7. b3 b6 8. O-O O-O 9. Qc2 Ba6 10. Bg5 {E15: Queen's Indian: 4 g3 sidelines, 4 g3 Ba6 and 4 g3 Bb7 early deviations} (10. Rd1 Nbd7 11. a4 Ne4 12. Be1 f5 13. Na3 Rc8 14. b4 c5 15. dxc5 bxc5 16. b5 Bb7 17. e3 Bf6 18. Rac1 Qe7 19. Qb3 {0-1 (32) Gelfand,B (2741)-Zhigalko,S (2656) Berlin 2015}) 10... Nbd7 11. Nbd2 h6 12. Bxf6 {Black has an edge.} Nxf6 13. e4 Rc8 14. Rfe1 $146 (14. e5 Nd7 15. Rfe1 Bb7 16. Rad1 c5 17. dxc5 Bxc5 {0-1 (28) Torgersen,T-Sjol,H (2118) ICCF email 2005}) 14... c5 15. exd5 exd5 16. Qb2 cxd4 17. Nxd4 Bb4 {[%cal Rd5c4]} 18. Rad1 dxc4 19. bxc4 {[#] Black must now prevent Nf5.} Bxd2 $1 (19... Bxc4 $6 20. Nc6 (20. Qxb4 Qxd4 21. Bf1 Nd5 22. Nxc4 Nxb4 $14) 20... Rxc6 21. Bxc6 $16) 20. Rxd2 {aiming for Nc6.} Re8 21. Red1 {Nf5 is the strong threat.} ({But not} 21. Rxe8+ Qxe8 22. Qb1 (22. Re2 Qd7 23. h3 Bxc4 $17) 22... Bxc4 $17) 21... Qe7 ({Much weaker is} 21... Rxc4 $6 22. Nf5 Qc7 23. Nd6 $18) 22. Nf5 Qe5 23. Qxe5 Rxe5 24. Rd8+ Kh7 {[#] Hoping for ...Rxd8.} 25. Rxc8 Bxc8 26. Nd4 Rc5 27. Bf1 a6 (27... Ra5 $15) 28. Nb3 $11 Rc6 29. Rc1 Nd7 30. Bg2 Rc7 31. a4 a5 32. f4 Ba6 33. Bf1 Bb7 34. Bg2 Ba6 35. Bf1 Kg6 (35... g5 $11) 36. Kf2 Kf6 {The position is equal.} 37. Be2 g6 38. Ke3 Nf8 39. Bd3 Ne6 40. Kd2 Bb7 41. Rf1 Nf8 42. c5 Nd7 43. cxb6 Nxb6 1/2-1/2

[Event "RUS-ch Youth U21 Girls 2017"]
[Site "Loo"]
[Date "2017.04.24"]
[Round "5"]
[White "Shuvalova, Polina"]
[Black "Maltsevskaya, Aleksandra"]
[Result "1-0"]
[WhiteElo "2376"]
[BlackElo "2238"]
[Annotator "TA"]
[PlyCount "81"]
[EventDate "2017.??.??"]
[EventType "tourn"]
[EventCountry "RUS"]
[SourceTitle "playchess.com"]
[Source "ChessBase"]
[SourceQuality "1"]

{[%evp 20,81,67,68,78,66,107,82,129,121,139,94,108,91,116,118,127,125,125,125,137,122,166,135,155,146,271,110,122,118,109,104,128,105,99,96,129,125,139,141,153,153,145,133,205,191,194,212,631,622,674,625,572,362,332,304,1757,1711,1536,1574,1568,1400,29979,29980]} 1. d4 Nf6 2. c4 g6 3. Nc3 Bg7 4. e4 d6 5. Nge2 O-O 6. Ng3 e5 7. d5 c6 8. Be2 a6 9. O-O cxd5 10. cxd5 b5 {E70: King's Indian: Miscellaneous lines with 4 e4, including 5 Nge2 and 5 Bd3 0-0 6 Nge2} (10... Nbd7 11. Re1 b5 12. b4 Nb6 13. a4 bxa4 14. Nxa4 h5 15. Bg5 Rb8 16. Bxh5 Nbd7 17. Qd2 gxh5 18. Nxh5 {1-0 (27) Bocharov,D (2610)-Kokarev,D (2628) Vladivostok 2016}) 11. b4 {LiveBook: 8 Games} h5 12. a4 bxa4 {White is slightly better.} 13. Bg5 ({Don't play} 13. Rxa4 h4 $11) 13... Nbd7 14. Qxa4 Rb8 $146 (14... Qb6 15. Be3 Qb8 16. Rfc1 Ng4 17. Bd2 Nb6 18. Qb3 {1-0 (41) Nosenko,A (2498)-Guivan,V (2189) Alushta 2009}) 15. Bxa6 Bxa6 16. Qxa6 Qc8 17. Rfc1 Qxa6 18. Rxa6 Rxb4 19. Rxd6 Rfb8 20. f3 Rb2 21. Nge2 Ra8 22. Kf2 Nc5 (22... Rb7 $16 23. Rb1 Rc7) 23. Rd1 ({Less strong is} 23. Rxf6 Bxf6 24. Bxf6 Ra6 $16) (23. Bxf6 $18 {and the rest is easy.} Nd3+ 24. Kg3 Bxf6 25. Rxf6 Nxc1 26. Nxc1) 23... Nfd7 $16 24. Be3 Bf8 25. Rc6 Rc2 26. Rd2 Rxd2 27. Bxd2 Rb8 28. Nc1 Rb2 29. Ke1 Rb8 30. Kd1 Kg7 31. Kc2 Ra8 (31... f5 $16 {is a better defense.} 32. Nd3 Nxd3 33. Kxd3 Kf7) 32. Be3 $18 Ra3 33. Nd3 Nb3 $2 {[#]} (33... Nxd3 34. Kxd3 Rb3) 34. Rc7 Nb8 35. Nxe5 Bd6 36. Nc4 Na1+ 37. Kd2 Rxc3 $2 {[#]} (37... Nb3+ 38. Kd3 Bxc7) 38. Rxf7+ $1 {[%mdl 512]} Kxf7 39. Nxd6+ Ke7 40. Kxc3 Kxd6 41. Bf4+ 1-0

[Event "RUS-ch Youth U21 Girls 2017"]
[Site "Loo"]
[Date "2017.04.24"]
[Round "5"]
[White "Obolentseva, Alexandra"]
[Black "Chernyak, Viktoria"]
[Result "1-0"]
[WhiteElo "2346"]
[BlackElo "2241"]
[Annotator "TA"]
[PlyCount "67"]
[EventDate "2017.??.??"]
[EventType "tourn"]
[EventCountry "RUS"]
[SourceTitle "playchess.com"]
[Source "ChessBase"]
[SourceQuality "1"]

{[%evp 27,67,0,0,0,0,-19,-23,-25,29,33,61,64,57,69,68,71,366,352,329,227,253,257,242,245,241,233,242,256,331,288,302,314,311,260,377,372,334,325,424,425,411,381]} 1. Nf3 d5 2. g3 Nf6 3. d4 e6 4. Bg2 Be7 5. O-O O-O 6. c4 dxc4 7. Qc2 a6 8. Qxc4 b5 9. Qc2 Bb7 10. Bd2 Be4 11. Qc1 Nbd7 12. Ba5 Rc8 13. Nbd2 {E05: Open Catalan: 5 Nf3 Be7} Ba8 14. a3 (14. Qc2 Qe8 15. b4 Nd5 16. a3 f5 17. Rae1 Qh5 18. e4 fxe4 19. Rxe4 Qf5 20. Qb3 Rce8 {½-½ (53) Goganov,A (2609)-Kiriakov,P (2535) Sochi 2015}) 14... Nb6 {LiveBook: 3 Games} 15. b4 {The position is equal.} Ne4 16. Nb3 $146 (16. e3 Nxd2 17. Nxd2 Bxg2 18. Kxg2 Qd5+ 19. Kg1 e5 20. dxe5 Qxe5 {½-½ (34) Andersen,M (2294)-Kiuttu,R (2194) Stockholm 2009}) 16... Bd5 17. Qc2 Nc4 (17... f6 $142) 18. Ne5 $11 Nxe5 19. dxe5 Bxb3 20. Qxb3 Nd2 21. Qc2 Nxf1 $4 {[%mdl 8192] [#]} (21... Nc4 $16) 22. Rd1 $1 $18 Bd6 23. Kxf1 {Strongly threatening Bb7.} ({Less strong is} 23. Bxf1 Qg5 $16) 23... Qg5 24. exd6 cxd6 25. Qd3 d5 26. e4 dxe4 27. Bxe4 Qe5 28. Qe2 {[#] aiming for Bxh7+!} Qb8 29. Kg2 Rc4 30. Bf3 g6 (30... Qc8 $142 31. Bb6 Rc3) 31. Rd7 Qc8 32. Qd2 Rc3 33. Bb7 Qc4 34. Rc7 1-0

[Event "RUS-ch Youth U21 Girls 2017"]
[Site "Loo"]
[Date "2017.04.24"]
[Round "5"]
[White "Dimitrova, Aleksandra"]
[Black "Styazhkina, Anna"]
[Result "0-1"]
[WhiteElo "2246"]
[BlackElo "2222"]
[Annotator "TA"]
[PlyCount "68"]
[EventDate "2017.??.??"]
[EventType "tourn"]
[EventCountry "RUS"]
[SourceTitle "playchess.com"]
[Source "ChessBase"]
[SourceQuality "1"]

{[%evp 13,68,24,32,35,55,56,57,37,55,0,25,26,50,-140,-145,-142,-143,-174,-170,-185,-176,-175,-182,-264,-276,-512,-505,-482,-342,-305,-233,-240,-249,-322,-321,-296,-293,-298,-291,-304,-277,-283,-285,-284,-269,-304,-289,-352,-352,-335,-341,-395,-376,-386,-397,-419,-403]} 1. e4 e5 2. Nf3 Nc6 3. Bb5 a6 4. Bxc6 dxc6 5. O-O f6 6. d4 Bg4 7. c3 Qd6 {LiveBook: 5 Games. C69: Ruy Lopez: Exchange Variation with 5 0-0 f6} (7... Bd6 8. Be3 Ne7 9. Nbd2 exd4 10. cxd4 Qd7 11. a3 Ng6 12. Rc1 O-O-O 13. Re1 Rhe8 14. h3 Be6 15. Qc2 Kb8 16. b4 f5 17. exf5 Bxf5 {½-½ (49) Rozentalis,E (2565)-Jumabayev,R (2604) Baku 2016}) 8. Be3 O-O-O 9. Nbd2 exd4 {White is slightly better.} 10. cxd4 Qe6 11. Qb1 $146 (11. Rc1 $14) (11. Rc1 Bd6 12. h3 Bh5 13. Re1 h6 14. Qc2 Ne7 15. a3 {0-1 (89) Sueess,F (2108)-Davidov,A (2423) ICCF email 2008}) 11... Bd6 12. b4 Re8 13. Re1 $2 (13. d5 $1 $14 {stays ahead.} cxd5 14. Nd4) 13... Bxf3 $1 $17 14. Nxf3 Qxe4 15. Qb2 Ne7 {[%cal Bg8e7,Be7f5,Bf5d4][%mdl 32]} 16. a4 {[#]} Qd5 $1 17. Reb1 Nf5 18. Bd2 (18. Qb3 $142) 18... g5 $19 {[%cal Bg7g5,Bg5g4][%mdl 32] Strongly threatening ...g4.} (18... Re2 19. b5 $17) 19. b5 $2 (19. Qa2 {is a better defense.}) 19... g4 (19... cxb5 20. axb5 g4 21. bxa6 bxa6 22. Ra5 $15) 20. Ne1 Nxd4 {( -> ...Bxh2+!)} (20... cxb5 $2 21. axb5 axb5 22. Qxb5 Qxb5 23. Rxb5 Nxd4 24. Rbb1 $19) 21. Be3 Be5 {Hoping for ...Nf3+!} (21... c5 22. Bxd4 cxd4 23. bxa6 bxa6 24. Rd1 $19) 22. Qd2 Nf5 (22... cxb5 23. axb5 axb5 24. Ra8+ Kd7 25. Ra5) 23. Ra2 Nxe3 ({Resist} 23... axb5 24. axb5 Nxe3 25. bxc6 bxc6 26. fxe3 $19) 24. fxe3 Qxd2 ({But not} 24... axb5 25. Qxd5 cxd5 26. axb5 $19) 25. Rxd2 cxb5 26. axb5 axb5 27. Rxb5 Bc3 28. Re2 Re4 29. Nd3 {[#]} Bd4 $1 {[%mdl 512]} 30. Ra2 {aiming for Ra8+.} (30. exd4 Rxe2) 30... Bxe3+ 31. Kf1 {Threatens to win with Ra8+.} Rhe8 32. Ra8+ Kd7 {Black is winning.} 33. Rxe8 Rxe8 ({Weaker is} 33... Kxe8 34. Rxb7 Bb6 35. Rb8+ Kf7 36. Rh8 $19) 34. Rd5+ Ke6 0-1

[Event "RUS-ch Youth U21 Girls 2017"]
[Site "Loo"]
[Date "2017.04.24"]
[Round "5"]
[White "Bykova, Anastasia"]
[Black "Dordzhieva, Dinara"]
[Result "0-1"]
[WhiteElo "2241"]
[BlackElo "2277"]
[Annotator "TA"]
[PlyCount "110"]
[EventDate "2017.??.??"]
[EventType "tourn"]
[EventCountry "RUS"]
[SourceTitle "playchess.com"]
[Source "ChessBase"]
[SourceQuality "1"]

{[%evp 11,110,-23,-18,-28,-36,-27,0,0,0,0,-6,-25,-28,-57,-46,-49,0,-75,-66,-69,-50,-46,-53,-161,-162,-372,-379,-489,-486,-611,-325,-414,-264,-274,-256,-574,-585,-626,-630,-734,-319,-287,-264,-265,-264,-284,-261,-304,-316,-355,-350,-339,-314,-331,-312,-338,-333,-380,-375,-376,-375,-371,-359,-341,-285,-320,-339,-324,-340,-326,-325,-329,-343,-337,-239,-326,-310,-333,-284,-341,-329,-484,-452,-529,-520,-553,-544,-684,-668,-676,-635,-1007,-967,-1008,-1010,-2048,-2043,-1930,-1941,-1213,-1150]} 1. d4 Nf6 2. Nf3 c5 3. e3 d5 4. c4 cxd4 5. Nxd4 e5 6. Nf3 Nc6 7. Be2 {D04: Colle System} (7. cxd5 Qxd5 8. Nc3 Qxd1+ 9. Nxd1 e4 10. Nd2 Nb4 11. Bb5+ Bd7 12. Bxd7+ Kxd7 13. Ke2 Bd6 14. Nc3 Rhe8 {0-1 (55) Adly,A (2460)-Nisipeanu,L (2695) Turin 2006}) 7... Bb4+ 8. Bd2 Bd6 $146 (8... Bxd2+ 9. Qxd2 O-O 10. cxd5 Nxd5 11. Nc3 Nxc3 12. Qxc3 e4 13. Rd1 Qe7 14. Nd4 Qg5 15. Nxc6 bxc6 {½-½ (28) Guliev,S (2537)-Khairullin,I (2451) Moscow 2004}) 9. cxd5 {The position is equal.} Nxd5 10. Nc3 Nf6 11. Nb5 Bb8 12. Bc3 Qe7 13. Qa4 O-O 14. Qh4 (14. Qa3 $1 $11 {keeps the balance.}) 14... a6 $36 {[%mdl 2048] Black fights for an advantage.} 15. Na3 $1 b5 {...b4 is the strong threat.} 16. Nc2 $1 Bd6 17. e4 {[#]} (17. a3 $15) 17... Qc7 $1 $19 18. Bd2 $2 (18. a3) 18... Ne7 19. Bd3 Ng6 20. Qg5 Bb7 21. Rc1 Nxe4 22. Bxe4 Bxe4 23. Nb4 $2 (23. O-O) 23... Qb7 24. O-O Bxf3 25. gxf3 Qxf3 (25... Bxb4 $142 26. Bc3 Bxc3 27. Rxc3 f6) 26. Rc3 h6 27. Rxf3 hxg5 28. Nd5 f6 ({Don't do} 28... Nf4 29. Bxf4 gxf4 30. Rd3 $19) 29. Rc1 e4 30. Rfc3 Be5 31. R3c2 Nh4 32. Bb4 Rf7 33. h3 Kh7 34. Rd1 Rd8 35. Ba5 Rdd7 36. Kf1 Nf3 37. b3 Nd4 38. Rc5 Ne6 39. Rcc1 Nf4 40. Nxf4 Bxf4 41. Rxd7 Rxd7 {[%mdl 4096] Endgame KRB-KRB} 42. Rc6 Rd6 43. Rc8 Rd1+ 44. Kg2 Rc1 45. Re8 Be5 46. a3 (46. Rd8 {keeps fighting.}) 46... Rb1 {Black is clearly winning.} 47. b4 Ra1 48. Ra8 Rxa3 49. Rxa6 Ra2 {[#] Strongly threatening ...e3.} 50. Kf1 Bd4 51. Re6 Rxf2+ 52. Ke1 e3 {[%cal Be4e3,Be3e2][%mdl 32]} 53. Re4 Bc3+ 54. Kd1 Rd2+ 55. Kc1 e2 0-1

[Event "RUS-ch Youth U21 Girls 2017"]
[Site "Loo"]
[Date "2017.04.24"]
[Round "5"]
[White "Rodionova, Daria"]
[Black "Khokhlova, Daria"]
[Result "0-1"]
[WhiteElo "2164"]
[BlackElo "2175"]
[Annotator "TA"]
[PlyCount "94"]
[EventDate "2017.??.??"]
[EventType "tourn"]
[EventCountry "RUS"]
[SourceTitle "playchess.com"]
[Source "ChessBase"]
[SourceQuality "1"]

{[%evp 16,94,-25,-22,6,14,32,29,62,63,82,55,72,73,74,33,32,-2,31,0,12,0,0,0,0,-7,59,50,55,0,10,10,10,15,6,8,6,7,16,15,33,33,58,10,191,166,162,61,129,98,94,44,70,71,82,0,0,-281,-281,-273,-273,-312,-254,-474,-463,-505,-518,-708,-688,-702,-700,-703,-697,-677,-633,-777,-760,-682,-674,-884,-871]} 1. e4 c5 2. Nf3 d6 3. d4 cxd4 4. Qxd4 Nc6 5. Qe3 {B53: Sicilian: 2...d6: Lines with Qxd4} g6 6. c4 Bg7 7. Be2 Nf6 8. h3 O-O 9. O-O {LiveBook: 7 Games} Be6 10. Nc3 Qa5 $146 (10... Nd7 11. b3 Qb6 12. Qd2 Qa5 {1-0 (69) Nakamura,H (2772)-Codenotti,M (2362) Condino 2014}) 11. Nd5 Rfc8 12. Bd2 Qd8 13. Bc3 Bxd5 14. cxd5 Nb8 {[%cal Bc6b8,Bb8d7,Bd7b6,Bb6c4][%mdl 32]} 15. Nh2 Nbd7 16. f4 Nb6 17. Rad1 Nc4 18. Qf3 Qb6+ 19. Bd4 Qa5 20. Qd3 b5 (20... Ne8 $11) 21. b3 $14 Nb6 22. Qxb5 ({White should try} 22. Qb1 $14) 22... Qxb5 23. Bxb5 Nxe4 24. Bc6 $36 {[%mdl 2048] White is more active.} Rab8 25. Rfe1 f5 26. Bxg7 Kxg7 27. Rc1 Kf6 28. Nf3 h6 29. Nd4 g5 $2 (29... Kf7 $11) 30. fxg5+ $18 (30. g4 gxf4 31. Nxf5 Ng5) 30... hxg5 31. Rf1 (31. g4 $1 $18 Nc5 32. Nxf5 (32. gxf5 Nd3 33. Re6+ Kf7 $14) 32... Rxc6 33. dxc6) 31... f4 (31... Ng3 $14) 32. Rfe1 Nc5 33. Rc3 a5 34. h4 {Strongly threatening hxg5+.} g4 {[#]} ({Don't take} 34... gxh4 $2 35. Rf3 $16) 35. Ne2 (35. g3 $1 $16) 35... e5 $11 {[%cal Be7e5,Be5f4,Bf4f3][%mdl 32]} 36. g3 $2 {[%mdl 8192]} (36. dxe6 $1 $11 {and White has nothing to worry.} Rxc6 37. Nxf4) 36... Ne4 $19 37. gxf4 exf4 ({Weaker is} 37... Nxc3 38. fxe5+ Kg7 39. Nxc3 $15) 38. Rc2 {[#]} f3 $1 {[%cal Rf3f2]} ({Wrong is} 38... Ke5 $2 39. Nc3 $18) 39. Nd4 $2 (39. Nf4 Kf5 40. Ng6) 39... Ke5 $1 {[%csl LRd4,LRd5] Black is clearly winning.} 40. Ne6 g3 {aiming for ...f2+.} 41. Re3 {And now Ng5 would win.} Nxd5 42. Rxf3 {Black should prevent Ng5.} Kxe6 43. Re2 Ke5 44. Bxd5 Kxd5 45. Rd3+ Ke5 46. Rxg3 Rg8 47. Rgg2 d5 0-1

[Event "RUS-ch Youth U21 Girls 2017"]
[Site "Loo"]
[Date "2017.04.25"]
[Round "6"]
[White "Obolentseva, Alexandra"]
[Black "Bykova, Anastasia"]
[Result "1/2-1/2"]
[WhiteElo "2346"]
[BlackElo "2241"]
[Annotator "TA"]
[PlyCount "119"]
[EventDate "2017.??.??"]
[EventType "tourn"]
[EventCountry "RUS"]
[SourceTitle "playchess.com"]
[Source "ChessBase"]
[SourceQuality "1"]

{[%evp 14,119,34,28,41,41,41,41,41,41,41,41,43,41,37,1,30,8,40,40,25,31,52,29,34,4,49,16,60,58,111,108,104,16,89,59,55,0,0,-1,51,54,95,52,58,27,38,0,67,68,58,55,70,58,78,0,0,0,0,0,0,-8,0,-12,-15,-21,0,0,0,-32,-21,-7,0,-41,-30,-66,0,0,0,-31,0,0,0,0,0,0,0,-10,18,27,31,-7,2,6,8,13,58,58,58,58,80,0,0,0,0,0,0,0]} 1. Nf3 d5 2. c4 c6 3. e3 Nf6 4. Nc3 g6 5. d4 Bg7 6. Be2 O-O 7. O-O a6 8. b3 Ne4 {D94: Grünfeld: 4 Nf3 Bg7 5 e3} 9. Bb2 Nxc3 10. Bxc3 Bg4 {White is slightly better.} 11. h3 Bxf3 12. Bxf3 e6 13. Qc2 Nd7 14. e4 {[%cal Rc4d5]} dxe4 15. Qxe4 Qc7 $146 (15... Rc8 16. Rfd1 {1-0 (32) Riazantsev,A (2608)-Sergienko,S (2456) Sochi 2005}) 16. Qc2 $36 {[%mdl 2048] Black is under pressure.} e5 17. d5 Rfe8 18. dxc6 bxc6 19. Rfe1 Rac8 20. Qd2 Nc5 21. Qe3 Nd7 (21... Qe7 $14) 22. Rad1 $16 f5 {[#]} 23. Qd2 ({Better is} 23. c5 $1 $16) 23... Nf8 (23... Nc5 $11 {remains equal.}) 24. Ba5 Qb7 25. b4 (25. c5 $14) 25... e4 $11 26. Be2 {[%cal Bf3e2,Be2c4,Bc4f7][%mdl 32]} Be5 (26... c5 $11) 27. c5 Ra8 28. Bc4+ Kh8 29. a4 Qe7 30. Kh1 Qh4 (30... Ne6 $11) 31. Bf7 Reb8 32. Ba2 {Threatens to win with Bc7!} Rb7 33. Kg1 (33. Bc4 $5 {feels hotter.} Rg7 34. Qe3 Nd7 35. Kg1 Bf4 36. Qc3) 33... Qf6 34. Qe2 ({White should try} 34. Qe3 $16) 34... Ne6 35. Bxe6 Qxe6 36. Qc2 Kg8 37. Bb6 Rab8 38. a5 Re7 39. Re2 Bf4 40. g3 Be5 41. Qa2 Qxa2 42. Rxa2 {[#]} e3 $1 {[%mdl 512]} 43. fxe3 Bxg3 44. Kg2 Be5 (44... Rxe3 $15 45. Rad2 Be5 46. Rd8+ Rxd8 47. Rxd8+ Kf7 48. Rd7+ Ke6 49. Rxh7 f4) 45. Rad2 Kf7 46. Kf2 Rc8 47. Rd8 Rxd8 48. Rxd8 {[%mdl 4096] Endgame KRB-KRB} Re8 {aiming for ...Rxd8.} 49. Rd7+ $1 Re7 50. Rd3 Re8 51. Bd8 h6 52. Rd1 Bb8 {[#]} 53. b5 $1 {[%mdl 512]} axb5 54. a6 f4 55. exf4 Re4 $1 {[%cal Re4f4]} 56. Bb6 Rxf4+ 57. Ke3 ({White should play} 57. Ke2 $16) 57... Ra4 {The position is equal.} 58. a7 Bxa7 {White must now prevent ...Bb8.} 59. Rd7+ Ke6 60. Rxa7 1/2-1/2

[Event "RUS-ch Youth U21 Girls 2017"]
[Site "Loo"]
[Date "2017.04.25"]
[Round "6"]
[White "Dordzhieva, Dinara"]
[Black "Dimitrova, Aleksandra"]
[Result "1/2-1/2"]
[WhiteElo "2277"]
[BlackElo "2246"]
[Annotator "TA"]
[PlyCount "89"]
[EventDate "2017.??.??"]
[EventType "tourn"]
[EventCountry "RUS"]
[SourceTitle "playchess.com"]
[Source "ChessBase"]
[SourceQuality "1"]

{[%evp 12,89,61,59,52,58,67,58,63,64,63,64,68,55,69,48,53,59,59,65,73,53,73,60,62,67,60,62,90,52,47,47,53,53,50,51,61,51,105,116,143,137,136,131,135,110,102,52,87,26,22,0,0,0,8,8,38,8,8,8,8,0,19,23,24,-8,-8,-8,-8,-8,-8,-8,-8,-8,0,0,0,0,0,0]} 1. e4 c5 2. Nf3 e6 3. d4 cxd4 4. Nxd4 a6 5. Bd3 Bc5 6. Nb3 Be7 7. Qg4 Bf6 {B42: Sicilian: Kan Variation: 5 Bd3} (7... g6 8. Qe2 d6 9. c4 Nc6 10. Nc3 Ne5 11. O-O Nf6 12. Bh6 Nfg4 13. Bg7 Rg8 14. Bxe5 Nxe5 15. f4 Nc6 16. Kh1 {½-½ (45) Bologan,V (2640)-Vitiugov,N (2726) Tallinn 2016}) 8. Qg3 {e5 is the strong threat.} Nc6 9. Nc3 Nge7 {White is slightly better.} 10. Bf4 {Black must now prevent Bc7.} e5 11. Be3 d6 12. O-O-O b5 $146 (12... Be6 13. h4 Rc8 14. h5 O-O 15. Kb1 {1-0 (61) Mueller,G (2575)-Pfretzschner,R (2550) ICCF email 2010}) 13. h4 {[%cal Bh2h4,Bh4h5][%mdl 32]} b4 14. Na4 Rb8 15. Nd2 Ng6 {[%cal Rf6h4]} 16. h5 Nf4 $1 17. Nc4 Be6 18. Bf1 (18. Bxf4 exf4 19. Qh2 (19. Qxf4 $2 Bg5 20. Nxd6+ Kf8 21. Qxg5 Qxg5+ $19) 19... O-O $17) 18... Bxc4 19. Bxc4 Ne6 20. Kb1 Ncd4 21. Bxe6 fxe6 22. Bxd4 exd4 23. f4 {And now e5 would win.} O-O 24. Qb3 {Strongly threatening e5.} Qd7 {[#]} (24... Qe7 $14) 25. e5 $1 $16 {[%cal Re5f6][%mdl 512]} dxe5 26. Nc5 $1 {[%csl LRa6,LRd7,LRe6]} Qf7 {[#]} 27. fxe5 $1 (27. Qxe6 $6 exf4 28. Qb3 (28. Qxa6 Rfc8 29. Nb3 Ra8 $15) 28... Qxb3 29. axb3 (29. Nxb3 Rfe8 30. Nxd4 a5 $17) 29... Rb5 $11) 27... Bxe5 28. Rhe1 ({Don't take} 28. Nxa6 $6 Rb6 29. Nc5 (29. Nxb4 Qb7 $11) 29... Rc8 $14) ({Don't play} 28. Qxe6 $6 Qxe6 29. Nxe6 Rf2 $11) 28... Bf6 29. Nxe6 Rfe8 30. g4 (30. Re4 $16) 30... h6 $1 $11 31. Nc7 Rxe1 32. Rxe1 a5 33. Nd5 Bg5 34. Ne7+ (34. a4 $5 {feels hotter.} Kh8 35. Re5 Qd7 36. Rf5 d3 37. cxd3 Qe6 38. Ka2) 34... Bxe7 35. Rxe7 Qxb3 36. axb3 {[%mdl 4096] Endgame KR-KR} Rd8 37. Kc1 d3 38. Re5 Rc8 {The position is equal.} 39. c3 bxc3 40. bxc3 Rxc3+ 41. Kd2 Rxb3 42. Rxa5 Kf7 43. Ra7+ Kf6 44. Ra6+ Ke5 45. Rg6 1/2-1/2

[Event "RUS-ch Youth U21 Girls 2017"]
[Site "Loo"]
[Date "2017.04.25"]
[Round "6"]
[White "Chernyak, Viktoria"]
[Black "Khokhlova, Daria"]
[Result "1/2-1/2"]
[WhiteElo "2241"]
[BlackElo "2175"]
[Annotator "TA"]
[PlyCount "90"]
[EventDate "2017.??.??"]
[EventType "tourn"]
[EventCountry "RUS"]
[SourceTitle "playchess.com"]
[Source "ChessBase"]
[SourceQuality "1"]

{[%evp 26,90,104,102,126,113,119,124,117,86,126,102,125,79,98,75,119,60,81,70,72,-30,-27,-33,-22,-18,0,-16,71,51,82,-72,-66,-91,-74,-55,0,0,0,0,0,-21,-25,-21,0,0,0,0,0,0,0,-6,0,0,0,-6,-6,-6,-5,-13,-7,-16,-5,-7,0,-16,0]} 1. Nf3 g6 2. c4 Bg7 3. Nc3 Nf6 4. e4 d6 5. d4 {[%cal Bd2d4,Bd4d5][%mdl 32]} O-O 6. Be2 e5 7. Be3 c6 8. d5 c5 9. a3 Na6 10. O-O Ng4 11. Bg5 {[%cal Be3g5,Bg5h4,Bh4f2][%mdl 32]} f6 12. Bh4 h5 {E94: King's Indian: Classical: 6 Be2 e5 7 0-0: Various Black 7th moves} 13. Ne1 Nh6 14. f3 {LiveBook: 9 Games} (14. h3 Nf7 15. Nd3 Bh6 16. b4 Bd7 17. Rb1 b6 18. bxc5 Nxc5 19. Nxc5 dxc5 20. a4 {0-1 (65) Wojtaszek,R (2744)-Ding,L (2732) Wijk aan Zee 2015}) 14... g5 {White is better.} 15. Bf2 f5 {[#]} 16. exf5 $146 (16. Nd3 f4 17. Kh1 Bd7 18. b4 b6 19. Qb3 g4 20. Nb5 {0-1 (47) Bogner,S (2383)-Maze,S (2576) Sautron 2007}) 16... Nxf5 17. Rb1 Nc7 {[%cal Ba6c7,Bc7e8,Be8f6][%mdl 32]} 18. b4 b6 19. Bd3 Ne8 20. Ne4 Qe7 21. Rb2 (21. Nc2 $16) 21... Bh6 22. Nc2 Nf6 23. Ng3 (23. Ne3 $16) 23... Nxg3 $11 24. hxg3 e4 25. fxe4 Qe5 26. Rb3 h4 (26... Bg7 $11) 27. bxc5 {[#] Bd4 is the strong threat.} bxc5 28. Qe1 $2 (28. Be1 $16) 28... Ng4 $17 29. Be2 Nxf2 (29... Qxe4 $6 30. Bxg4 Qxg4 31. Ne3 $11) 30. Rxf2 Qxe4 (30... Bd7 $15 31. Rb7 Rxf2 32. Qxf2 hxg3) 31. Rxf8+ $11 Bxf8 32. Qd2 $36 {[%mdl 2048] Black is under pressure.} Bg7 33. Re3 Qg6 34. Bd3 Bf5 {The position is equal.} 35. Re6 Qh7 36. Bxf5 Qxf5 37. gxh4 (37. Rxd6 $2 hxg3 38. Qe2 Qh7 39. Qe6+ Kf8 $19) 37... gxh4 {Threatening ...Rb8.} 38. Qf2 Qg5 39. Qe3 (39. Rxd6 $2 Qc1+ 40. Qe1 (40. Ne1 $2 Bd4 41. Re6 Bxf2+ $19) 40... Qxc2 $19) 39... Qg4 {Threatens to win with ...Qd1+.} 40. Qe4 (40. Rxd6 $2 Qd1+ 41. Kh2 (41. Ne1 Bd4 42. Rg6+ Kf7 43. Kf1 Bxe3 44. Re6 Re8 45. Rxe8 Kxe8 46. d6 Qd2 47. d7+ Kxd7 48. Nd3 Qxd3+ 49. Ke1 Qd2+ 50. Kf1 Qf2#) 41... Qxc2 $17) (40. Qd3 $5 {feels hotter.} Rb8 41. Ne1 Qd4+ 42. Qxd4 cxd4 43. Kf1) 40... Qxe4 $1 ({Much weaker is} 40... Qd1+ $6 41. Kh2 $16) 41. Rxe4 Rb8 42. Kf2 ({Wrong is} 42. Rxh4 $2 Rb1+ 43. Kh2 Be5+ 44. Kh3 Rc1 $19) 42... Rb2 43. Re2 Rb3 44. Re3 Rb2 45. Re2 Rb3 1/2-1/2